000
00333pab a2200145 454500
008
180718b1991 xxu||||| |||| 00| 0 eng d
100
_a
Luxemburg, Rosa
245
_a
Dictatorship and democracy
260
_c
1991
300
_a
25-30
362
_a
21 Sept.
650
_a
Democracy - U.S.S.R.
773
_a
Mainstream
909
_a
7248
999
_c
7248
_d
7248